00369nam a2200157Ia 45000010006000000050017000060080041000230410008000640820016000721000026000882450045001142600009001593000029001686500006001976540008002032280520260414150855.0260414t2013||||xx |||||||||||||| ||spa|| aESP a624.1bC265 aConnor Jerome J.eAUT 0aFundamentals of structural engineeringb c2013 a1143 páginas :c24 cm. a0 aCIC